<?xml version="1.0" encoding="UTF-8"?>
<collection xmlns="http://www.loc.gov/MARC21/slim">
<record>
  <controlfield tag="001">251159</controlfield>
  <controlfield tag="005">20230212174210.0</controlfield>
  <datafield tag="035" ind1=" " ind2=" ">
    <subfield code="a">G:(GEPRIS)192417712</subfield>
  </datafield>
  <datafield tag="024" ind1="7" ind2=" ">
    <subfield code="a">G:(GEPRIS)192417712</subfield>
    <subfield code="d">192417712</subfield>
  </datafield>
  <datafield tag="040" ind1=" " ind2=" ">
    <subfield code="a">GEPRIS</subfield>
    <subfield code="c">http://gepris.its.kfa-juelich.de</subfield>
  </datafield>
  <datafield tag="150" ind1=" " ind2=" ">
    <subfield code="a">Ca2+ Kanal-Komplexe in der Cochlea Synaptopathie (A08)</subfield>
    <subfield code="y">2011 - 2022</subfield>
  </datafield>
  <datafield tag="371" ind1=" " ind2=" ">
    <subfield code="a">Professorin Dr. Jutta Engel</subfield>
  </datafield>
  <datafield tag="450" ind1=" " ind2=" ">
    <subfield code="a">SFB 894 A08</subfield>
    <subfield code="w">d</subfield>
    <subfield code="y">2011 - 2022</subfield>
  </datafield>
  <datafield tag="510" ind1="1" ind2=" ">
    <subfield code="a">Deutsche Forschungsgemeinschaft</subfield>
    <subfield code="0">I:(DE-588b)2007744-0</subfield>
    <subfield code="b">DFG</subfield>
  </datafield>
  <datafield tag="550" ind1=" " ind2=" ">
    <subfield code="0">G:(GEPRIS)157660137</subfield>
    <subfield code="a">SFB 894: Ca2+-Signale: Molekulare Mechanismen und Integrative Funktionen</subfield>
    <subfield code="w">t</subfield>
  </datafield>
  <datafield tag="680" ind1=" " ind2=" ">
    <subfield code="a">Mäßiges Rauschen verursacht irreversiblen Verlust von spezifischen afferenten Fasern und präsynaptischen Bändern an den inneren Haarzellen (Cochlea-Synaptopathie). Da α2δ2 und brevican an der inneren Haarzellsynapse exprimiert werden und die Nervenregeneration im erwachsenen ZNS verhindern, untersuchen wir die Rolle beider Proteine bei der Cochlea-Synaptopathie mit brevican ko-Mäusen, Cochlea-spezifischen α2δ2 ko-Mäusen und WT-Mäusen, die mit dem α2δ2-Blocker Pregabalin behandelt wurden. Wir werden den Phänotyp der inneren Haarzellen und das Gehör von Mäusen mit einer Funktionsverstärkungsmutation in Cav1.3 (V101L) weiter analysieren. Schließlich werden wir die Auswirkungen einer gestörten synaptischen IHC-Übertragung auf die zentrale auditorische Verarbeitung und das auditorisch evozierte Verhalten bei Cav1.3 (V101L) Mäusen und Mäusen ohne synaptische Bänder untersuchen.</subfield>
  </datafield>
  <datafield tag="909" ind1="C" ind2="O">
    <subfield code="o">oai:juser.fz-juelich.de:917761</subfield>
    <subfield code="p">authority:GRANT</subfield>
    <subfield code="p">authority</subfield>
  </datafield>
  <datafield tag="980" ind1=" " ind2=" ">
    <subfield code="a">G</subfield>
  </datafield>
  <datafield tag="980" ind1=" " ind2=" ">
    <subfield code="a">AUTHORITY</subfield>
  </datafield>
  <datafield tag="909" ind1="C" ind2="O">
    <subfield code="o">oai:juser.fz-juelich.de:917761</subfield>
  </datafield>
</record>
</collection>